000 00582nam a22002297a 4500
001 87532
003 UA-OsUOA
005 20211109221142.0
007 ta
008 20120919b un ||||| |||| 00| 0 ukr d
040 _aUA-OsUOA
_bpol
_cUA-OsUOA
_dUA-OsUOA
041 _apol
080 _a94 (47+571)
090 _a94 (47+571)
_bЖ 72
100 _aЖилин П.
245 _aГибель наполеоновской армии в России
260 _aМ.
_bНаука
_c1968
300 _a403 с.
650 7 _a94 Історія
_2UDC
942 _cBK
_2udc
955 _a4
999 _c373865
_d373865